[Event "LXIII C.to Italiano"]
[Site "Arvier ITA"]
[Date "2003.12.01"]
[Round "7"]
[White "Castaldo, Folco"]
[Black "Di Paolo, Raffaele"]
[Result "1/2-1/2"]
[WhiteElo "2336"]
[BlackElo "2325"]
[PlyCount "80"]
[EventDate "2003.11.25"]

1. Nf3 Nf6 2. c4 d6 3. d4 g6 4. Nc3 Bg7 5. e4 O-O 6. Be2 e5 7. d5 a5 8. Bg5 h6
9. Bh4 Na6 10. Nd2 Qe8 11. O-O Bd7 12. b3 Nh7 13. a3 h5 14. f3 Bh6 15. Rb1 Be3+
16. Kh1 Bc5 17. Qc1 c6 18. Na2 Nc7 19. b4 axb4 20. axb4 Bd4 21. Nc3 Rc8 22.
dxc6 Bxc6 23. Nb3 Ne6 24. Nxd4 Nxd4 25. Bd3 Kg7 26. Qd2 f6 27. Bf2 Ne6 28. Rfd1
Nhg5 29. Bf1 Nf7 30. Be3 Rh8 31. Nd5 Bxd5 32. Qxd5 Qe7 33. Ra1 Ra8 34. Ra5 Nf4
35. Bxf4 exf4 36. Rda1 Rxa5 37. Rxa5 Rc8 38. Rb5 Rc7 39. Rb6 Qe5 40. Qxe5 Nxe5
1/2-1/2

[Event "LXIII C.to Italiano"]
[Site "Arvier ITA"]
[Date "2003.12.01"]
[Round "7"]
[White "Contin, Daniel"]
[Black "Rossi, Carlo"]
[Result "1-0"]
[WhiteElo "2377"]
[BlackElo "2355"]
[PlyCount "103"]
[EventDate "2003.11.25"]

1. c4 e5 2. Nc3 Bb4 3. Qb3 Nc6 4. Nf3 a5 5. a3 Bxc3 6. Qxc3 d6 7. b3 Nge7 8.
Bb2 f6 9. e3 O-O 10. Be2 Kh8 11. d4 Qe8 12. h4 Bg4 13. h5 Bxf3 14. gxf3 exd4
15. Qc2 dxe3 16. fxe3 h6 17. Kf2 Qd7 18. Rag1 Rae8 19. f4 Nf5 20. Bg4 Qe7 21.
Bxf5 Qxe3+ 22. Kg2 Qe2+ 23. Kg3 Re3+ 24. Kh4 Qf3 25. Rh3 Qxf4+ 26. Rg4 Rxh3+
27. Kxh3 Qf3+ 28. Rg3 Qh1+ 29. Kg4 Ne5+ 30. Bxe5 fxe5 31. Qb1 Qh2 32. Qe4 g6
33. hxg6 h5+ 34. Kf3 Kg7 35. Rg5 Qh1+ 36. Ke2 Qh2+ 37. Rg2 Qh1 38. Rf2 Qc1 39.
Qxb7 Rxf5 40. Qxc7+ Kxg6 41. Qxd6+ Kg5 42. Qe7+ Kg4 43. Qg7+ Kh3 44. Qg2+ Kh4
45. Qe4+ Rf4 46. Rh2+ Kg5 47. Qxe5+ Kg6 48. Qxh5+ Kf6 49. Qh8+ Ke6 50. Qe8+ Kf6
51. Rh6+ Kf5 52. Qe6+ 1-0

[Event "LXIII C.to Italiano"]
[Site "Arvier ITA"]
[Date "2003.12.01"]
[Round "7"]
[White "Mola, Pietro"]
[Black "Cacco, Christian"]
[Result "0-1"]
[WhiteElo "2317"]
[BlackElo "2340"]
[PlyCount "54"]
[EventDate "2003.11.25"]

1. e4 g6 2. d4 Bg7 3. Nf3 d6 4. Bc4 a6 5. O-O b5 6. Bb3 e6 7. Bg5 Ne7 8. a4 b4
9. Nbd2 h6 10. Be3 O-O 11. Re1 Nd7 12. c3 Rb8 13. h3 c5 14. Bf4 bxc3 15. bxc3
cxd4 16. cxd4 e5 17. dxe5 Nxe5 18. Nxe5 dxe5 19. Be3 Nc6 20. Bc5 Re8 21. Rb1
Be6 22. Bxe6 Rxe6 23. Rxb8 Qxb8 24. Qb1 Qc8 25. Rc1 Qd7 26. Rd1 Nd4 27. a5 Ne2+
0-1

[Event "LXIII C.to Italiano"]
[Site "Arvier ITA"]
[Date "2003.12.01"]
[Round "7"]
[White "Sarno, Spartaco"]
[Black "Braschi, Giancarlo"]
[Result "1-0"]
[WhiteElo "2404"]
[BlackElo "2138"]
[PlyCount "83"]
[EventDate "2003.11.25"]

1. c4 c5 2. g3 Nc6 3. Bg2 g6 4. e3 Bg7 5. Ne2 Nh6 6. Nbc3 Nf5 7. d3 Rb8 8. b3
a6 9. Bb2 b5 10. Qd2 O-O 11. O-O Qa5 12. Rad1 Bb7 13. Ne4 Qxd2 14. Rxd2 Bxb2
15. Rxb2 d6 16. Rd1 Ba8 17. h3 bxc4 18. dxc4 Ne5 19. Rbd2 a5 20. N2c3 Rb4 21.
f4 Nxc4 22. bxc4 Nxe3 23. Re1 Nxg2 24. Rxg2 f5 25. Ng5 Bxg2 26. Kxg2 Rxc4 27.
Nd5 h6 28. Nxe7+ Kg7 29. Ne6+ Kf7 30. Nxf8 Kxf8 31. Nxg6+ Kf7 32. Nh4 Rc2+ 33.
Kf3 Kf6 34. Re2 Rc3+ 35. Re3 Rc4 36. Rd3 Ke6 37. Re3+ Kf6 38. Ra3 a4 39. Ng2
Rb4 40. Ne3 Ke6 41. Rd3 Rb2 42. Rxd6+ 1-0

[Event "LXIII C.to Italiano"]
[Site "Arvier ITA"]
[Date "2003.12.02"]
[Round "8"]
[White "Braschi, Giancarlo"]
[Black "Castaldo, Folco"]
[Result "1/2-1/2"]
[WhiteElo "2138"]
[BlackElo "2336"]
[PlyCount "118"]
[EventDate "2003.11.25"]

1. d4 d5 2. c4 c6 3. Nf3 Nf6 4. Nc3 a6 5. e3 b5 6. b3 Bg4 7. Be2 e6 8. O-O Bd6
9. h3 Bh5 10. Ne5 Bxe2 11. Nxe2 O-O 12. Bb2 Qe7 13. cxd5 cxd5 14. Rc1 Qb7 15.
Qc2 Nfd7 16. Nc6 Nb6 17. Nxb8 Raxb8 18. Nf4 Rbc8 19. Qd2 Bxf4 20. exf4 Nd7 21.
Ba3 Rfe8 22. Bb4 Nf6 23. Rxc8 Rxc8 24. Rc1 Rc6 25. f3 Qc8 26. Rxc6 Qxc6 27. Qc3
Qxc3 28. Bxc3 Nd7 29. Kf2 Nb8 30. a4 bxa4 31. bxa4 Nd7 32. Ba5 Kf8 33. Ke3 Ke7
34. Kd3 Nb8 35. Kc3 Nc6 36. Bb6 Kd7 37. Kd3 Kc8 38. Bc5 Kb7 39. g4 f5 40. Bf8
g6 41. Kc3 Kb6 42. Bb4 Kc7 43. g5 Kd7 44. Ba3 Na5 45. Bb2 Nc4 46. Bc1 Kc6 47.
Kb3 Kb6 48. Kb4 Na5 49. Be3 Nc4 50. Bc1 Nd6 51. Be3 Ne8 52. Bf2 Ng7 53. Bg1 Nh5
54. Bh2 Ng7 55. Bg1 Ne8 56. Bf2 Nd6 57. Be3 Nc4 58. Bc1 Na5 59. Be3 Nc6+
1/2-1/2

[Event "LXIII C.to Italiano"]
[Site "Arvier ITA"]
[Date "2003.12.02"]
[Round "8"]
[White "Cacco, Christian"]
[Black "Cocozza, Mario"]
[Result "1/2-1/2"]
[WhiteElo "2340"]
[BlackElo "2356"]
[PlyCount "45"]
[EventDate "2003.11.25"]

1. d4 Nf6 2. Nf3 g6 3. g3 Bg7 4. Bg2 O-O 5. O-O c6 6. Nbd2 d5 7. Re1 Bf5 8. Nh4
Be6 9. c3 Nbd7 10. Qb3 Qb6 11. a4 Qxb3 12. Nxb3 a5 13. f3 Ne8 14. Bf1 f6 15.
Nd2 Bf7 16. e4 e5 17. dxe5 fxe5 18. b3 Nc7 19. Ba3 Rfe8 20. c4 Ne6 21. cxd5 Nd4
22. Bd3 cxd5 23. Ng2 1/2-1/2

[Event "LXIII C.to Italiano"]
[Site "Arvier ITA"]
[Date "2003.12.02"]
[Round "8"]
[White "Di Paolo, Raffaele"]
[Black "Contin, Daniel"]
[Result "0-1"]
[WhiteElo "2325"]
[BlackElo "2377"]
[PlyCount "80"]
[EventDate "2003.11.25"]

1. e4 e6 2. d4 d5 3. Nd2 c5 4. Ngf3 a6 5. exd5 exd5 6. dxc5 Bxc5 7. Nb3 Ba7 8.
Bd3 Ne7 9. O-O Nbc6 10. Re1 Bg4 11. c3 Qc7 12. Bg5 f6 13. Bh4 O-O 14. Bg3 Qd7
15. h3 Bf5 16. Nfd4 Nxd4 17. cxd4 Rfe8 18. Nc5 Bxc5 19. dxc5 Nc6 20. Qb3 Bxd3
21. Qxd3 d4 22. a3 Qd5 23. b4 g6 24. Rad1 Kf7 25. f3 Rxe1+ 26. Bxe1 Rd8 27. Bf2
Ne5 28. Qd2 d3 29. f4 Nc4 30. Qc3 d2 31. Qb3 Qe4 32. a4 Qe2 33. b5 axb5 34.
axb5 Qxd1+ 35. Qxd1 Nb2 36. Qb3+ Kg7 37. Qxb2 d1=Q+ 38. Kh2 Rd2 39. Qc3 Rxf2
40. c6 Qd5 0-1

[Event "LXIII C.to Italiano"]
[Site "Arvier ITA"]
[Date "2003.12.02"]
[Round "8"]
[White "Mola, Pietro"]
[Black "Sarno, Spartaco"]
[Result "0-1"]
[WhiteElo "2317"]
[BlackElo "2404"]
[PlyCount "158"]
[EventDate "2003.11.25"]

1. e4 d6 2. d4 Nf6 3. Nc3 g6 4. Be3 Bg7 5. Qd2 O-O 6. O-O-O c6 7. Bh6 b5 8. f3
Qa5 9. Kb1 Bxh6 10. Qxh6 Be6 11. a3 Nbd7 12. d5 cxd5 13. exd5 Bf5 14. g4 b4 15.
axb4 Qxb4 16. gxf5 Rab8 17. Bb5 Ne5 18. Nge2 Nc4 19. b3 Na3+ 20. Kb2 Nxb5 21.
Nxb5 Rxb5 22. Rd4 Qc5 23. Rg1 Rc8 24. c4 Ra5 25. Qd2 Qa3+ 26. Kc3 Rb5 27. Rb1
a5 28. Qb2 Qb4+ 29. Kd3 Rb7 30. Nc3 Nd7 31. Nb5 Ne5+ 32. Ke4 Nd7 33. Kf4 Nc5
34. Kg5 Nxb3 35. Rg4 Qd2+ 36. Qxd2 Nxd2 37. Nxd6 Rxb1 38. Nxc8 Nxf3+ 39. Kf4
Rb3 40. Nxe7+ Kf8 41. Nc6 a4 42. d6 Ke8 43. fxg6 hxg6 44. Rg2 Rc3 45. Ke4 Kd7
46. Na7 Nh4 47. Ra2 Rxc4+ 48. Kd5 Rg4 49. Nc6 Nf3 50. Nb8+ Kd8 51. Nc6+ Kc8 52.
Rf2 Rg5+ 53. Ke4 Kd7 54. Nb8+ Kxd6 55. Rxf3 Rg4+ 56. Kd3 Rb4 57. Rxf7 Rxb8 58.
Ra7 Rb3+ 59. Kc4 Ke5 60. Rxa4 Rb2 61. h3 Rh2 62. Ra3 Kf4 63. Kd5 Re2 64. Ra4+
Kf5 65. h4 Rd2+ 66. Kc6 Rg2 67. Kd6 Rg4 68. Ra5+ Kf6 69. h5 g5 70. Kd7 Rh4 71.
Ra6+ Kf5 72. h6 g4 73. Ke7 Kg5 74. Ra5+ Kxh6 75. Kf6 g3 76. Ra1 Rf4+ 77. Ke5
Kg5 78. Ra8 Kg4 79. Rg8+ Kf3 0-1

[Event "LXIII C.to Italiano"]
[Site "Arvier ITA"]
[Date "2003.12.03"]
[Round "9"]
[White "Castaldo, Folco"]
[Black "Mola, Pietro"]
[Result "1/2-1/2"]
[WhiteElo "2336"]
[BlackElo "2317"]
[PlyCount "20"]
[EventDate "2003.11.25"]

1. g3 g6 2. Bg2 Bg7 3. f4 f5 4. Nf3 Nf6 5. O-O O-O 6. d3 d6 7. c3 c6 8. Na3 Na6
9. Nc2 Nc7 10. Bd2 a5 1/2-1/2

[Event "LXIII C.to Italiano"]
[Site "Arvier ITA"]
[Date "2003.12.03"]
[Round "9"]
[White "Contin, Daniel"]
[Black "Braschi, Giancarlo"]
[Result "1/2-1/2"]
[WhiteElo "2377"]
[BlackElo "2138"]
[PlyCount "37"]
[EventDate "2003.11.25"]

1. c4 c5 2. Nc3 Nc6 3. Nf3 Nd4 4. Ng1 Nc6 5. e3 Nf6 6. Nf3 e6 7. d4 d5 8. a3 a6
9. dxc5 Bxc5 10. b4 Ba7 11. Bb2 O-O 12. Qc2 Qe7 13. Be2 dxc4 14. Bxc4 b5 15.
Be2 Bb7 16. Ng5 Rfd8 17. O-O Rac8 18. Rad1 Ne5 19. Rxd8+ 1/2-1/2

[Event "LXIII C.to Italiano"]
[Site "Arvier ITA"]
[Date "2003.12.03"]
[Round "9"]
[White "Cocozza, Mario"]
[Black "Rossi, Carlo"]
[Result "1/2-1/2"]
[WhiteElo "2356"]
[BlackElo "2355"]
[PlyCount "26"]
[EventDate "2003.11.25"]

1. e4 c6 2. d4 d5 3. exd5 cxd5 4. Bd3 Nc6 5. c3 Nf6 6. Bf4 g6 7. Nd2 Bg7 8.
Ngf3 O-O 9. h3 Bf5 10. Bxf5 gxf5 11. Ne5 Nxe5 12. Bxe5 e6 13. O-O Ne4 1/2-1/2

[Event "LXIII C.to Italiano"]
[Site "Arvier ITA"]
[Date "2003.12.03"]
[Round "9"]
[White "Sarno, Spartaco"]
[Black "Cacco, Christian"]
[Result "1/2-1/2"]
[WhiteElo "2404"]
[BlackElo "2340"]
[PlyCount "49"]
[EventDate "2003.11.25"]

1. c4 g6 2. g3 Bg7 3. Bg2 e5 4. Nc3 Ne7 5. Nf3 Nbc6 6. O-O O-O 7. d3 d6 8. Rb1
f5 9. Bd2 a5 10. a3 h6 11. b4 axb4 12. axb4 Be6 13. b5 Nb8 14. Ne1 Qc8 15. f4
Nd7 16. Nc2 Rb8 17. Nb4 Nf6 18. Nbd5 Bxd5 19. Nxd5 Nfxd5 20. cxd5 exf4 21. gxf4
Kh7 22. Kh1 b6 23. e4 Rf7 24. Qb3 Qf8 25. Rbe1 1/2-1/2